000
00214 a2200097 4500
001
1481
100
_a
Lauglnex V.H
245
_a
Fastening & joining of metal parts
260
_a
_b
Mcgrawhill
_c
090
_c
1024
_d
1024
942
_a
NUST-CAE
_c
M
_c
270
999
_c
236554
_d
236554